Top 10 mentioned spongebob characters Quiz Stats

 Plays Quiz not verified by Sporcle

Challenge
Share
Tweet
Embed
Score 0/10 Timer 03:00
0 Plays Today
Rank of characters Top 10 characters % Correct
#1Spongebob Squarepants
100%
#2Patrick Star
99.1%
#3Squidward Tentacles
94.5%
#4Eugene Krabs
94.5%
#5Sandy Cheeks
94.5%
#6Sheldon Plankton
87.2%
#7Gary the snail
85.3%
#9Mrs Puff
68.8%
#10Pearl Krabs
68.8%
#8Karen
50.5%

You're not logged in!

Compare scores with friends on all Sporcle quizzes.
OR
Log In

You Might Also Like...

Show Comments

Extras

Created Sep 16, 2014ReportNominate
Tags:SpongeBob Quiz, character, Top 20

Top Quizzes Today


Score Distribution

Your Account Isn't Verified!

In order to create a playlist on Sporcle, you need to verify the email address you used during registration. Go to your Sporcle Settings to finish the process.

Report this User

Report this user for behavior that violates our Community Guidelines.

Details: